Provinzen Chinas - Statistiken

Allgemein
  • Dieses Quiz wurde 439 mal gespielt
  • Das Durchschnittsergebnis liegt bei 15 aus 33
Antworten auf der Karte
Die Antworten werden auf der Karte rot bzw. grün angezeigt, abhängig davon wie oft sie richtig erraten wurden.
 
Antwortstatistiken
Typ Provinz % Korrekt
Regierungsunmittelbare Stadt Peking
95%
Regierungsunmittelbare Stadt Shanghai
85%
Autonome Region Tibet
83%
Sonderverwaltungszone Hong Kong
82%
Autonome Region Innere Mongolei
62%
Sonderverwaltungszone Macau
59%
Autonome Region Xinjiang Uyghur
55%
Provinz Hainan
51%
Provinz Guangdong
47%
Provinz Sichuan
47%
Regierungsunmittelbare Stadt Tianjin
46%
Regierungsunmittelbare Stadt Chongqing
44%
Provinz Yunnan
43%
Provinz Hebei
42%
Provinz Fujian
40%
Provinz Hubei
40%
Provinz Henan
39%
Provinz Hunan
39%
Provinz Shanxi
39%
Provinz Heilongjiang
37%
Provinz Shaanxi
37%
Provinz Jilin
35%
Provinz Shandong
35%
Provinz Anhui
34%
Autonome Region Guangxi
34%
Provinz Gansu
33%
Provinz Jiangsu
31%
Autonome Region Ningxia
30%
Provinz Zhejiang
29%
Provinz Qinghai
27%
Provinz Jiangxi
26%
Provinz Liaoning
26%
Provinz Guizhou
23%
Keine übereinstimmenden Quizze gefunden
Verteilung der Resultate
Anzahl Personen mit jedem Resultat
Perzentil nach korrekt beantworteten Fragen
Ihre Resultats-Entwicklung
Sie haben dieses Quiz noch nicht gespielt